=LDR 00000nam 2200000 4500 =001 INLIS000000000010134 =005 20130612101844 =008 ***********************************Ind** =035 ##$$0010-061300000010134 =041 ##$$a Ind =082 ##$$a 621.381 04 =090 ##$$a 621.381 04, Rus a =100 ##$$a Rusmadi, Dedy =245 ##$$a Aneka catu daya (Power suply), Dedy Rusmadi =260 ##$$a 2001 $b Bandung =300 ##$$a x, 124 hlm, ilus, 14 cm =650 ##$$a Elektronika-Hobby =850 ##$$a NBPNMAT